Statistiques concernant They Shoot Pictures, Don't They? - films 21 à 40

Cliquez ici pour prendre le quiz!

Statistiques générales

  • Ce quiz a été pris 83 fois
  • Le résultat moyen est 11 sur 20

Statistiques - réponses

Réponse% Correct
Raging Bull
88%
Fenêtre sur cour
86%
Certains l'aiment chaud
82%
Le Parrain, 2e partie
80%
Mulholland Drive
80%
La Dolce Vita
79%
Les 400 coups
79%
Les Lumières de la ville
61%
La Nuit du chasseur
55%
Psychose
55%
Playtime
54%
Rashomon
52%
Boulevard du crépuscule
50%
L'Homme à la caméra
43%
Andreï Roublev
41%
Le Miroir
39%
Au hasard Balthazar
36%
L'Avventura
36%
L'Atalante
34%
Ordet
18%

Distribution des résultats

Percentile par nombre de réponses

% des personnes avec chaque résultat

Votre développement - résultats

Vous n’avez pas pris ce quiz